000 00583nam a2200193 i 4500
001 96797
003 ES-MaACL
005 20230906181958.0
007 t|
008 050701s1970 sp ||||1| spa d
100 1 _aMandel, Ernest.
_975941
245 1 0 _aProceso al desafío americano /
_cErnest Mandel; versión de Mariangels Mercader y Pere Margenat.
250 _a[1ª ed.].
260 _aBarcelona :
_bNova Terra,
_c1970.
300 _a201 p. ;
_c17 cm.
700 1 _aMercader, Mariangels.
_980427
700 1 _aMargenat, Pere.
_976622
852 _aES-MaACL
_jC-44453
_bR.74441
999 _c96797
_d96797